000 00269nam a2200121Ia 4500
008 190216s9999||||xx |||||||||||||| ||und||
100 _aSreedaran
245 0 _aEnde Minikathakal
260 _bIm Print Books Kollam
300 _a61
650 _aKathakal
942 _cBK
999 _c27746
_d27746